[Event "AUTO-OPEN-4248"]
[Site "http://www.queenalice.com/game.php?id=1639968"]
[Date "2021.1.14"]
[Round "1"]
[White "Kataro"]
[Black "JailtonMaster"]
[Result "0-1"]
[WhiteElo "1956"]
[BlackElo "2007"]

1. d4 d5 2. c4 c6 3. Nf3 Nf6 4. b3 e6 5. Bg5 Be7 6. Nbd2 O-O 7. e3 Nbd7 8. Be2
h6 9. Bh4 a5 10. O-O Qc7 11. c5 b6 12. cxb6 Qxb6 13. Rc1 Bb7 14. Re1 c5 15. Ne5
Rfe8 16. f4 Nf8 17. Ndf3 cxd4 18. Qxd4 Qd6 19. Red1 Rac8 20. Be1 Ne4 21. Bxa5 f6
22. Ng4 Nd7 23. Nh4 e5 24. fxe5 fxe5 25. Qb2 Bxh4 0-1

[Event "AUTO-OPEN-4253"]
[Site "http://www.queenalice.com/game.php?id=1641766"]
[Date "2021.1.28"]
[Round "1"]
[White "Kataro"]
[Black "Givanildo"]
[Result "1-0"]
[WhiteElo "1979"]
[BlackElo "1627"]

1. d4 d5 2. c4 dxc4 3. e3 Qd5 4. Nc3 Qa5 5. Bxc4 Bf5 6. Qf3 e6 7. Qxb7 Bd6 8.
Qxa8 c6 9. Qb7 Ne7 10. Ne2 O-O 11. Qb3 Nd7 12. O-O Qc7 13. Ng3 Bg6 14. e4 Bf4
15. Nge2 Bxh2+ 16. Kh1 Bh5 17. g3 Nf6 18. Kxh2 Ng4+ 19. Kg2 Ng6 20. Rh1 Qa5 21.
f3 Nf6 22. g4 Nxg4 23. Rxh5 Qxh5 24. fxg4 Qxg4+ 25. Kf2 Nh4 26. Ke1 Nf3+ 27. Kd1
Nxd4 28. Qa3 Rd8 29. Bd2 Nf3 30. Kc2 Rxd2+ 31. Kb3 Rd7 32. Qa6 h6 33. Qc8+ Kh7
34. Qxd7 Qg5 35. Qxf7 Nd2+ 36. Kc2 Nxc4 37. Qb7 Qd2+ 38. Kb1 Qe1+ 39. Nc1 Qf2
40. a3 e5 41. Qb4 Qd4 42. Ka2 a5 43. Qb3 Nd2 44. Qc2 Qc4+ 45. Nb3 a4 46. Qxd2
axb3+ 47. Kb1 Qf1+ 48. Nd1 c5 49. a4 Qh1 50. Qe2 c4 51. a5 Qh3 52. a6 g5 53. a7
Qd3+ 54. Qxd3 cxd3 55. a8=Q d2 56. Qc6 h5 57. Ra7+ Kh8 58. Qc8# 1-0

[Event "AUTO-OPEN-4253"]
[Site "http://www.queenalice.com/game.php?id=1641767"]
[Date "2021.1.28"]
[Round "1"]
[White "Givanildo"]
[Black "Kataro"]
[Result "0-1"]
[WhiteElo "1644"]
[BlackElo "1962"]

1. d4 Nf6 2. h3 c5 3. dxc5 Qa5+ 4. c3 Qxc5 5. Bf4 e5 6. Bg3 Be7 7. e3 O-O 8. b4
Qc7 9. Bd3 d6 10. Qc2 d5 11. Ne2 Bd6 12. O-O a6 13. Bh2 e4 14. Bxd6 Qxd6 15. Nf4
exd3 16. Qxd3 Be6 17. Nd2 Qe7 18. Nxe6 Qxe6 19. Rae1 Nbd7 20. f4 Rac8 21. Nf3 h6
22. f5 Qe4 23. Qxe4 dxe4 24. Nd4 Nd5 25. f6 N5xf6 26. Rf4 Rxc3 27. a4 Nb6 28.
Ne2 Rxe3 29. Kf2 Rb3 30. a5 Nbd5 31. Rxf6 Nxf6 32. Nd4 Rxb4 33. Nf5 Rb5 34. g4
Rxa5 35. g5 hxg5 36. Rg1 Rxf5+ 37. Ke2 Rd8 38. h4 g4 39. h5 Rxh5 40. Rg2 Rd3 41.
Rf2 g3 42. Rf4 Rh2+ 43. Ke1 Ra3 44. Kf1 Ra1# 0-1

[Event "AUTO-OPEN-4253"]
[Site "http://www.queenalice.com/game.php?id=1641768"]
[Date "2021.1.28"]
[Round "1"]
[White "Kataro"]
[Black "Jackzapo"]
[Result "1-0"]
[WhiteElo "1972"]
[BlackElo "1418"]

1. d4 Nf6 2. c4 g6 3. Nf3 Bg7 4. h4 h5 5. Nc3 d6 6. e4 O-O 7. Be2 c6 8. Ng5 b6
9. Be3 Nbd7 10. Qd2 Bb7 11. O-O-O a5 12. f3 Qc7 13. Rdf1 Rfe8 14. g4 e6 15. Nh3
Rac8 16. Bh6 Kh7 17. g5 Ng8 18. Bxg7 Kxg7 19. Bd3 Ne7 20. f4 d5 21. e5 dxc4 22.
Bxc4 Nf5 23. Qf2 c5 24. Ne4 Bxe4 25. Kd2 Bxh1 26. Rxh1 1-0

[Event "AUTO-OPEN-4253"]
[Site "http://www.queenalice.com/game.php?id=1641769"]
[Date "2021.1.28"]
[Round "1"]
[White "Jackzapo"]
[Black "Kataro"]
[Result "0-1"]
[WhiteElo "1418"]
[BlackElo "1972"]

1. d4 d5 2. c4 c6 3. cxd5 cxd5 4. Nf3 Nc6 5. e3 Bg4 6. Be2 Nf6 7. O-O e6 8. Nc3
a6 9. h3 Bh5 10. a3 Bd6 11. Qc2 Bg6 12. Qd1 O-O 13. Re1 Rc8 14. Nd2 Re8 15. Bf3
Qc7 16. Ne2 e5 17. dxe5 Bxe5 18. Nc3 Rcd8 19. Nb3 Ne4 20. Bd2 Nf6 21. Rc1 Ne4
22. Nd4 Nxd2 23. Qxd2 Nxd4 24. exd4 Bf4 25. Nxd5 Bxd2 26. Nxc7 Bxe1 27. Nxe8
Rxe8 0-1

[Event "AUTO-OPEN-4253"]
[Site "http://www.queenalice.com/game.php?id=1641770"]
[Date "2021.1.28"]
[Round "1"]
[White "Kataro"]
[Black "Carlos19"]
[Result "1-0"]
[WhiteElo "1982"]
[BlackElo "1384"]

1. d4 f5 2. Nf3 d5 3. Ne5 e6 4. e3 Nf6 5. Be2 Be7 6. g4 fxg4 7. Nxg4 Bb4+ 8. c3
Ba5 9. h3 Nxg4 10. Bxg4 g6 11. Na3 a6 12. Bd2 h5 13. Be2 Nc6 14. Rg1 Rg8 15.
Bxh5 Qf6 16. Be2 e5 17. Bg4 exd4 18. cxd4 Rf8 19. Qe2 Bxg4 20. hxg4 Bxd2+ 21.
Qxd2 O-O-O 22. f4 Rde8 23. O-O-O b5 24. Nb1 Qe6 25. Rde1 Rg8 26. Na3 g5 27. f5
Qe4 28. Nc2 a5 29. Qc3 Nb4 30. Nxb4 axb4 31. Qxb4 c6 32. Qc3 Kc7 33. Qc2 Ra8 34.
Qxe4 dxe4 35. a3 b4 36. axb4 Ra1+ 37. Kc2 Ra2 38. Ra1 Rga8 39. Rxa2 Rxa2 40. f6
Ra8 41. Rf1 Kd7 42. Rf5 Ke8 43. Rxg5 Kf7 44. Rf5 Ra1 45. g5 Rg1 46. Re5 Rg2+ 47.
Kc3 Kg6 48. Rxe4 Kf7 49. Re7+ Kg6 50. Re4 Rxg5 51. Rf4 Kf7 52. e4 Rg3+ 53. Kc4
Rg8 54. e5 Rg2 55. Rf3 Rxb2 56. Kc5 Rc2+ 57. Kd6 Rc4 58. e6+ Kg6 59. Ke5 Rxb4
60. e7 Rb5+ 61. Ke6 Rb8 62. f7 c5 63. f8=Q 1-0

[Event "AUTO-OPEN-4253"]
[Site "http://www.queenalice.com/game.php?id=1641771"]
[Date "2021.1.28"]
[Round "1"]
[White "Carlos19"]
[Black "Kataro"]
[Result "0-1"]
[WhiteElo "1384"]
[BlackElo "1982"]

1. e4 e5 2. Nf3 Nf6 3. Nc3 b6 4. Bc4 h6 5. d3 Bb7 6. O-O d6 7. h3 Be7 8. a3 O-O
9. b4 Nbd7 10. Nd5 Nxd5 11. Bxd5 c6 12. Bb3 Kh8 13. d4 Bf6 14. d5 c5 15. c4 a6
16. a4 Rb8 17. b5 a5 18. Rb1 Re8 19. Be3 g5 20. g4 Nf8 21. Re1 Ng6 22. Rc1 Nf4
23. Bxf4 exf4 24. Bc2 Re7 25. Bb3 Qd7 26. Kg2 Rbe8 27. Bc2 Bc8 28. Bb3 h5 29.
Ng1 hxg4 30. Qxg4 Qxg4+ 31. hxg4 Bxg4 32. Bd1 Bxd1 33. Rcxd1 g4 34. f3 g3 35.
Ne2 Kg7 36. Rh1 Rh8 37. Rxh8 Kxh8 38. Rh1+ Kg7 39. Nxf4 Be5 40. Nh5+ Kf8 41. Rh4
f6 42. f4 Bd4 43. Kxg3 Rxe4 44. Nxf6 Bxf6 45. Rh6 Kg7 46. Rh5 Rxc4 47. Kg4 Rxa4
48. Kf5 Rb4 49. Ke6 c4 50. Kxd6 Rxb5 51. Kc6 Rb4 52. d6 c3 53. d7 c2 54. Kc7
Rc4+ 55. Kxb6 c1=Q 56. Rxa5 Rc6+ 57. Kb5 Rc7 58. Ra8 Qc6+ 0-1

[Event "AUTO-OPEN-4255"]
[Site "http://www.queenalice.com/game.php?id=1642735"]
[Date "2021.2.6"]
[Round "1"]
[White "chessman"]
[Black "Kataro"]
[Result "0-1"]
[WhiteElo "1937"]
[BlackElo "1982"]

1. e4 c6 2. d4 d5 3. Nc3 dxe4 4. Nxe4 Nf6 5. Nxf6+ exf6 6. Nf3 Bd6 7. Bd3 O-O 8.
O-O Be6 9. h3 Re8 10. c3 Qc7 11. Re1 Nd7 12. Be3 Nf8 13. Qc2 Rad8 14. a3 Ng6 15.
Rad1 Bd5 16. Be2 b5 17. Bd3 Bf4 18. Bxf4 Qxf4 19. Be2 a5 20. Qd3 Bc4 21. Qc2 Bd5
22. Qd2 a4 23. g3 Qf5 24. Qd3 Qd7 25. Kg2 Re7 26. Qd2 Rde8 27. Bd3 Bxf3+ 28.
Kxf3 Qd5+ 0-1

[Event "AUTO-OPEN-4255"]
[Site "http://www.queenalice.com/game.php?id=1642736"]
[Date "2021.2.6"]
[Round "1"]
[White "Kataro"]
[Black "chessman"]
[Result "0-1"]
[WhiteElo "2002"]
[BlackElo "1943"]

1. d4 d5 2. c4 c6 3. Nf3 Nf6 4. e3 e6 5. Nc3 Be7 6. Be2 O-O 7. O-O Re8 8. b3 a6
9. Bb2 Nbd7 10. Qc2 h6 11. c5 Bf8 12. Rfe1 Be7 13. b4 a5 14. a3 axb4 15. axb4
Rxa1 16. Rxa1 Nf8 17. Ne5 Qc7 18. b5 cxb5 19. Nxb5 Qb8 20. f3 Bd7 21. Nxd7 N8xd7
22. e4 e5 23. dxe5 Bxc5+ 24. Kh1 Nh5 25. g3 b6 26. f4 g6 27. Bxh5 gxh5 28. Qe2
dxe4 29. Qxe4 Nf6 30. Qf3 Ng4 31. Rf1 Qa8 32. Qxa8 Rxa8 33. Nc7 Ra2 34. Bc3
Rxh2# 0-1

[Event "AUTO-OPEN-4255"]
[Site "http://www.queenalice.com/game.php?id=1642763"]
[Date "2021.2.6"]
[Round "1"]
[White "Kataro"]
[Black "Capixaba789"]
[Result "1-0"]
[WhiteElo "1951"]
[BlackElo "1684"]

1. d4 d6 2. c4 Nf6 3. Nf3 e6 4. Bg5 Be7 5. e3 O-O 6. Be2 Ne4 7. Bxe7 Qxe7 8. Nc3
f5 9. Nxe4 fxe4 10. Nd2 d5 11. Qc2 Qf6 12. f3 exf3 13. Nxf3 c6 14. O-O-O Na6 15.
a3 Bd7 16. Rhf1 Qe7 17. Ne5 Rxf1 18. Rxf1 Nc7 19. Bg4 Re8 20. Rf7 1-0

[Event "AUTO-OPEN-4255"]
[Site "http://www.queenalice.com/game.php?id=1642764"]
[Date "2021.2.6"]
[Round "1"]
[White "Capixaba789"]
[Black "Kataro"]
[Result "0-1"]
[WhiteElo "1721"]
[BlackElo "1968"]

1. d3 e5 2. f4 exf4 3. Nf3 Nf6 4. e4 fxe3 5. Bxe3 Qe7 6. Qd2 Ng4 7. Ke2 g6 8. h3
Nxe3 9. Qxe3 Qxe3+ 10. Kxe3 Bg7 11. c3 O-O 12. Nbd2 d6 13. Kf2 Nc6 14. d4 Bd7
15. Bd3 Rae8 16. Rhe1 h6 17. Rxe8 Rxe8 18. b4 a6 19. a4 Ne7 20. a5 Nd5 21. Rc1
Re3 22. c4 Rxd3 23. cxd5 Bxd4+ 24. Kg3 Be3 25. Rxc7 Bb5 26. Ne4 Rxd5 27. Rxb7
Rd1 28. Rb8+ Kg7 29. Nc3 Rd3 30. Nxb5 axb5 31. Rxb5 Ra3 32. Rd5 Rb3 33. Rxd6
Rxb4 34. a6 Bf4+ 0-1

[Event "AUTO-OPEN-4255"]
[Site "http://www.queenalice.com/game.php?id=1642765"]
[Date "2021.2.6"]
[Round "1"]
[White "Kataro"]
[Black "Polyphem"]
[Result "1-0"]
[WhiteElo "1961"]
[BlackElo "1734"]

1. d4 Nf6 2. c4 e6 3. a3 d5 4. Nc3 Nc6 5. Bg5 Be7 6. e3 O-O 7. Nge2 a6 8. f3 Nh5
9. Bxe7 Qxe7 10. Ng3 Nxg3 11. hxg3 Qg5 12. Kf2 e5 13. cxd5 Na7 14. Ne4 Qe7 15.
Qc2 f5 16. Nd2 e4 17. f4 Nb5 18. Nc4 Nd6 19. Be2 b6 20. Ne5 Bb7 21. Qb3 a5 22.
Nc6 Bxc6 23. dxc6+ Kh8 24. Rac1 Rf6 25. Rh3 Nf7 26. Rch1 h6 27. g4 fxg4 28. Bxg4
Nd6 29. Qc2 Nf5 30. Bxf5 Rxf5 31. g4 Rd5 32. g5 Kg8 33. gxh6 g6 34. Qc4 Kh7 35.
Qxd5 Rd8 36. Qe5 Qxe5 37. fxe5 Rf8+ 38. Ke2 b5 39. Rf1 Rxf1 40. Kxf1 b4 41. Ke2
bxa3 42. bxa3 a4 43. Kd2 g5 44. Kc3 1-0

[Event "AUTO-OPEN-4255"]
[Site "http://www.queenalice.com/game.php?id=1642766"]
[Date "2021.2.6"]
[Round "1"]
[White "Polyphem"]
[Black "Kataro"]
[Result "0-1"]
[WhiteElo "1747"]
[BlackElo "1963"]

1. d4 d5 2. c4 c6 3. Nc3 Nf6 4. Nf3 Bf5 5. Bf4 e6 6. Qb3 b6 7. Bxb8 Rxb8 8. Ne5
Qc7 9. e3 Bd6 10. Be2 Bxe5 11. dxe5 Qxe5 12. c5 bxc5 13. Qa4 Qc7 14. Qa3 Qe7 15.
O-O O-O 16. b3 Ne4 17. Nxe4 Bxe4 18. f3 Bg6 19. Rac1 Rb4 20. Qb2 a5 21. a3 Rb6
22. Rfd1 Rfb8 23. b4 axb4 24. a4 c4 25. a5 Ra6 26. Ra1 Rb5 27. e4 Rbxa5 28. Rxa5
Rxa5 29. Ra1 Qa7+ 30. Kf1 Rxa1+ 0-1

[Event "AUTO-OPEN-4258"]
[Site "http://www.queenalice.com/game.php?id=1643764"]
[Date "2021.2.16"]
[Round "1"]
[White "pizzaiolo72"]
[Black "Kataro"]
[Result "1-0"]
[WhiteElo "2143"]
[BlackElo "1926"]

1. Nf3 d5 2. d4 c6 3. e3 Nf6 4. c4 Bg4 5. Nbd2 c5 6. Be2 e6 7. h3 Bh5 8. O-O
Nbd7 9. Qc2 Bg6 10. Bd3 Be7 11. Bxg6 hxg6 12. e4 cxd4 13. Nxd4 dxc4 14. Nxc4 Rc8
15. Qe2 O-O 16. Bf4 a6 17. Bd6 Re8 18. Rac1 Bf8 19. Rc3 Nc5 20. Bxf8 Rxf8 21.
Rd1 Ncxe4 22. Rc2 Qe7 23. Nb6 Rxc2 24. Qxc2 Rd8 25. f3 Ng3 26. Nc4 Rc8 27. Qd3
Nd5 28. Ne3 Rd8 29. Nxd5 Rxd5 30. Kf2 Nf5 31. Nxf5 gxf5 32. Qc2 1-0

[Event "AUTO-OPEN-4258"]
[Site "http://www.queenalice.com/game.php?id=1643765"]
[Date "2021.2.16"]
[Round "1"]
[White "Kataro"]
[Black "pizzaiolo72"]
[Result "0-1"]
[WhiteElo "1934"]
[BlackElo "2137"]

1. d4 d5 2. c4 e5 3. dxe5 d4 4. e3 Nc6 5. Nf3 Bg4 6. Be2 dxe3 7. Bxe3 Bxf3 8.
Qxd8+ Rxd8 9. Bxf3 Bb4+ 10. Nc3 Nxe5 11. Be2 a6 12. O-O Ne7 13. Rfd1 O-O 14. Nd5
Nxd5 15. cxd5 Rfe8 16. a3 Bd6 17. h3 f6 18. f4 Ng6 19. Kf2 Nxf4 20. Bxf4 Bxf4
21. g3 Bxg3+ 22. Kf1 Be5 23. Rab1 a5 24. Bf3 b6 25. Kg2 Re7 26. Rdc1 Bd4 27. Rd1
Bc5 28. b4 axb4 29. axb4 Bd6 30. Bg4 Re3 0-1

[Event "AUTO-OPEN-4258"]
[Site "http://www.queenalice.com/game.php?id=1643792"]
[Date "2021.2.16"]
[Round "1"]
[White "chessman"]
[Black "Kataro"]
[Result "1-0"]
[WhiteElo "2021"]
[BlackElo "1972"]

1. e4 c5 2. Nf3 d6 3. Bb5+ Bd7 4. Bxd7+ Nxd7 5. O-O Ngf6 6. Re1 e6 7. c3 Be7 8.
d4 O-O 9. Qe2 Qb6 10. h3 cxd4 11. cxd4 Rac8 12. Nc3 h6 13. a3 Rfe8 14. Rb1 e5
15. dxe5 dxe5 16. Nh4 Bxa3 17. bxa3 Qc6 18. Bb2 Nh7 19. Nf5 Ndf6 20. Qb5 a6 21.
Qe2 Ng5 22. f3 Ne6 23. Qe3 Rcd8 24. Red1 Qc7 25. Rbc1 Qb8 26. Nd5 Nxd5 27. exd5
Nf8 28. d6 Nd7 29. Ne7+ Kh8 30. Bxe5 Nxe5 31. Qxe5 f6 32. Qe6 Rd7 33. Qxd7 1-0

[Event "AUTO-OPEN-4258"]
[Site "http://www.queenalice.com/game.php?id=1643793"]
[Date "2021.2.16"]
[Round "1"]
[White "Kataro"]
[Black "chessman"]
[Result "1/2-1/2"]
[WhiteElo "1958"]
[BlackElo "2035"]

1. d4 d5 2. c4 c6 3. e3 e6 4. Nf3 Nf6 5. Be2 Be7 6. O-O O-O 7. a3 a6 8. Nc3 Re8
9. b4 Nbd7 10. c5 h6 11. Bb2 Nf8 12. Bd3 Bd7 13. Re1 Qc7 14. Ne5 Rad8 15. Na4
Bc8 16. Nb6 N6d7 17. Nbxd7 Bxd7 18. f4 f6 19. Nxd7 Qxd7 20. Qc2 f5 21. g3 Bf6
22. h4 Qe7 23. Qf2 Nh7 24. Kh2 g5 25. h5 g4 26. Rh1 Qf7 27. Kg2 Be7 28. Rab1 Nf6
29. Rh2 Kg7 30. Rbh1 Ng8 31. Qc2 Nf6 32. a4 Bf8 1/2-1/2

[Event "AUTO-OPEN-4258"]
[Site "http://www.queenalice.com/game.php?id=1643810"]
[Date "2021.2.16"]
[Round "1"]
[White "Rafale2000"]
[Black "Kataro"]
[Result "0-1"]
[WhiteElo "1937"]
[BlackElo "1944"]

1. e4 c6 2. d4 d5 3. Nc3 dxe4 4. Nxe4 Nd7 5. Nf3 Ngf6 6. Qd3 Nxe4 7. Qxe4 Nf6 8.
Qf4 e6 9. Ne5 Bd6 10. Be3 Qc7 11. Qg5 Rg8 12. O-O-O b6 13. Be2 h6 14. Qf4 Bb7
15. g4 Nd5 16. Qg3 f6 0-1

[Event "AUTO-OPEN-4258"]
[Site "http://www.queenalice.com/game.php?id=1643811"]
[Date "2021.2.16"]
[Round "1"]
[White "Kataro"]
[Black "Rafale2000"]
[Result "0-1"]
[WhiteElo "1968"]
[BlackElo "1925"]

1. d4 Nf6 2. c4 c5 3. d5 d6 4. Nf3 Bg4 5. h3 Bh5 6. Nc3 Nbd7 7. g3 Bg6 8. Bg2
Nb6 9. Qb3 e6 10. e4 Nxe4 11. Nxe4 Bxe4 12. O-O exd5 13. cxd5 Bxd5 14. Re1+ Be7
15. Qe3 Be6 16. b3 Nd5 17. Qd2 O-O 18. Bb2 Bf6 19. Bxf6 Nxf6 20. Rad1 d5 21. Ng5
Re8 22. Nxe6 fxe6 23. Qc3 Rc8 24. Re5 Qc7 25. Rde1 d4 26. Qd3 a6 27. Rxe6 Rxe6
28. Rxe6 Re8 29. Rxe8+ Nxe8 30. Be4 Nf6 31. Bg2 b5 32. Kf1 Qe5 33. f4 Qe7 0-1